Manual de técnicas andinas

Salvato in:
Dettagli Bibliografici
Autori principali: Hoces de la Guardia, María Soledad (Autore), Brugnoli, Paulina (Autore)
Natura: Libro
Lingua:spagnolo
Pubblicazione: Santiago Andros 2006
Soggetti:
Tags: Aggiungi Tag
Nessun Tag, puoi essere il primo ad aggiungerne!!

MARC

LEADER 00000nam a2200000 a 4500
001 UCI1101
003 CL-VaPUC
008 070615e20060300CL |||||||||||||||||spa|d
020 |a 9563100514 
082 0 4 |a 305.8  |b HOC  |2 21 
100 |a Hoces de la Guardia, María Soledad  |e author  |9 753333 
700 0 |a Brugnoli, Paulina  |e author  |9 521459 
245 1 0 |a Manual de técnicas andinas 
246 1 0 |a Terminaciones 
300 |a 110 p 
942 |c BK 
945 |d 20070615 00:00:00  |a castudil 
260 |a Santiago  |b Andros  |c 2006 
600 0 7 |a POMA DE AYALA, GUAMAN  |2 CL-VaPUC  |9 521460 
650 7 |a TEXTIL  |2 CL-VaPUC  |9 521461 
650 0 |a Artesanía  |9 353181 
650 0 |a Cultura  |9 269059 
650 0 |a Andino   |9 521462 
650 7 |a INKA  |2 CL-VaPUC  |9 521463 
650 7 |a PRECOLOMBINO  |2 CL-VaPUC  |9 372942 
650 7 |a TELAR  |2 CL-VaPUC  |9 521464 
650 7 |a COSMOVISION  |2 CL-VaPUC  |9 466516 
650 0 |a Técnica  |9 310682 
650 7 |a TEJIDO  |2 CL-VaPUC  |9 521465 
650 7 |a TRAMA  |2 CL-VaPUC  |9 499833 
650 7 |a URDIMBRE  |2 CL-VaPUC  |9 521466 
650 7 |a MOCHE  |2 CL-VaPUC  |9 521467 
650 7 |a CHIMU  |2 CL-VaPUC  |9 431204 
650 0 |a Atacameños   |9 441292 
650 7 |a LICANANTAY  |2 CL-VaPUC  |9 521468 
650 0 |a Bordado  |9 521469 
650 7 |a PONCHO  |2 CL-VaPUC  |9 521470 
583 |a last modification  |c 20070615 00:00:00  |k Rodrigo Vera 
999 |c 326013  |d 326011 
952 |0 0  |1 0  |4 0  |6 305_800000000000000_HOC_2006  |7 0  |8 X  |9 407625  |a FDOMLP  |b FDOMLP  |d 2019-11-22  |i 4268601  |o 305.8 HOC 2006  |p 4268601  |r 2019-11-22  |w 2019-11-22  |y BK_X  |k BU2